000
00328nam a2200133Ia 4500
100
_a
Van Vlack/ L.H.
942
_c
BK
654
_a
Engineering
245
_a
Elements of materials sciences and engineering
260
_b
ADDISON-WESLEY PUBLICATION CO.
_a
Reading
_c
1975
082
_a
620.112
300
_a
496
546
_a
ENGLISH
999
_c
26416
_d
26416